000 00447nam a2200181 i 4500
001 bgj
245 1 0 _aNeuer grosser Atlas der Welt.
_chrsg. von Erich Weise.
260 _aBad Soden am Taunus :
_bCartoTravel Verlag.
300 _aVII, 360 s. ;
_bmapy ;
_c37 cm.
504 _aIndeks.
650 9 _aGeografia
040 _cBPK
041 0 _ager
044 _aDEU
080 _a91
942 _cKS
008 s gw f |000 0 ger
999 _c49989
_d49989
856 _uhttp://koha.tu.koszalin.pl/cgi-bin/koha/opac-detail.pl?biblionumber=49989
_yKatalog online BPK